| 000 | 00782 a2200193 4500 | ||
|---|---|---|---|
| 020 | _a0471975087 (alk. paper) | ||
| 040 |
_aLibrary of Congress _bEnglish |
||
| 082 | 0 | 0 | _a005.1 |
| 100 | 1 | _aVliet, Hans van. | |
| 245 | 1 | 0 |
_aSoftware engineering : principles and practice _b _cHans van Vliet. |
| 250 | _a2nd ed. | ||
| 260 |
_aChichester [England] ; _aNew York : _bJohn Wiley, _c2000. |
||
| 300 |
_axxii, 726 p. : _bill. ; _c24 cm. |
||
| 650 | 0 | _aSoftware engineering. | |
| 856 | 4 | 2 |
_3Contributor biographical information _uhttp://www.loc.gov/catdir/bios/wiley043/00028992.html |
| 856 | 4 | 2 |
_3Publisher description _uhttp://www.loc.gov/catdir/description/wiley035/00028992.html |
| 856 | 4 | 2 |
_3Table of Contents _uhttp://www.loc.gov/catdir/toc/onix06/00028992.html |
| 942 |
_cBK _k005.1 VLI _2ddc |
||
| 999 |
_c4181 _d4181 |
||